000 00396nam a2200169Ia 4500
001 3340
003 IN-NITTTR
005 20251114232947.0
008 251113s9999||||xx |||||||||||||| ||eng||
040 _beng
040 _cIN-NITTTR
041 _aeng
082 _a720.03 B711A
100 _aBoyne, D. A. C. A.
245 0 _aArchitects' working details. /
_cBoyne, D. A. C. A.
942 _2ddc
_cBK
999 _c5667
_d5667